00860nam a22002297a 45000010005000000030006000050050017000110080041000280200018000690400029000870500012001160820010001281000018001382450062001562600052002183000047002705050007003175200230003245210019005545210018005736500039005917436FISKH20250715153833.0250715b cb ||||| |||| 00| 0 eng d a9781618102096 aFISKHbengcFISKHdFISKH aHG221.5 a332.4 aDuke, Shirley aMoney counts :bLittle world math concept /cShirley Duke aMinessota : bRourke Educational Media, c2013. a24 pages : bcolor illustrations ; c21 cm aG  aStudents are introduced to the concept of money and its various denominations from a penny to a dollar. The book demonstrates how to make different amounts using various coins and how many coins are required to buy something.8 a330 bLexile 8 aG bRaz-Plus  aMoney vNon-fiction xPicture Book